[Event "Olimpiade 2014 - Open"]
[Site "Tromsø"]
[Date "04.08.2014"]
[Round "3.69"]
[Board "1"]
[White "Kobler, Mario"]
[Black "Drayton, Anthony"]
[Result "1/2-1/2"]
[WhiteElo "2113"]
[BlackElo "1828"]
[WhiteTeam "Liechtenstein"]
[BlackTeam "Guyana"]
[WhiteFideId "12000094"]
[BlackFideId "19700261"]
[EventDate "2014.08.02"]

1. c4 g6 2. g3 Bg7 3. Bg2 Nf6 4. Nc3 c6 5. e4 d6 6. Nge2 Nbd7 7. d4 c5 8. h3
cxd4 9. Nxd4 Ne5 10. f4 Ned7 11. Be3 Nh5 12. Bf2 O-O 13. Nde2 e5 14. Qxd6 exf4
15. gxf4 Nb6 16. Qxd8 Rxd8 17. Bxb6 axb6 18. e5 g5 19. fxg5 Bxe5 20. Bd5 Ng3 21.
Nxg3 Bxg3+ 22. Ke2 Be5 23. h4 b5 24. Nxb5 Bxb2 25. Rag1 Rxa2 26. Kf3 Be6 27.
Bxe6 fxe6 28. Rg2 Ra1 29. Rxa1 Bxa1 30. h5 Rd3+ 31. Ke4 Rh3 32. h6 Rh4+ 33. Kd3
Kf7 34. Ra2 Be5 35. Ra7 Kg6 36. Rxb7 Kxg5 37. Rxh7 Rxh6 38. Rxh6 Kxh6 39. Nd4
Kg6 40. Nxe6 Kf6 41. Nd4 Bd6 42. Ke4 Ba3 43. Kd5 Ke7 44. Kc6 Kd8 45. Nb5 Bb4 46.
Nd6 Ba3 47. Nb5 Bb4 48. Nd4 Ba3 49. Kd5 Kd7 50. Ne6 Ke7 51. Nc5 Kd8 52. Kc6 Bxc5 1/2-1/2

[Event "Olimpiade 2014 - Open"]
[Site "Tromsø"]
[Date "04.08.2014"]
[Round "3.69"]
[Board "2"]
[White "Greenidge, Ronuel"]
[Black "Mannhart, Marcel"]
[Result "1-0"]
[BlackTitle "CM"]
[WhiteElo "1630"]
[BlackElo "2105"]
[WhiteTeam "Guyana"]
[BlackTeam "Liechtenstein"]
[WhiteFideId "19700075"]
[BlackFideId "12000108"]
[EventDate "2014.08.02"]

1. e4 g6 2. d4 Bg7 3. Nf3 d6 4. c4 c6 5. Nc3 Nd7 6. Be2 Nh6 7. O-O O-O 8. Qc2 e5
9. Rd1 Qe7 10. b3 Rd8 11. Ba3 Qf6 12. Rd2 exd4 13. Rxd4 Ne5 14. Nxe5 Qxe5 15.
Rad1 Bf8 16. Qd2 Ng4 17. f4 Qf6 18. h3 Nh6 19. e5 Qh4 20. Ne4 Be6 21. Bxd6 Nf5
22. Rd3 Nxd6 23. Nxd6 Bh6 24. Rf1 Rd7 25. Qe3 b6 26. Qf3 Rad8 27. g4 Bg7 28. f5
Bxf5 29. gxf5 Bxe5 30. Ne4 Rxd3 31. Bxd3 gxf5 32. Qxf5 f6 33. Kh1 Kf8 34. Be2
Ke7 35. Bg4 Rd4 36. Qe6+ Kd8 37. Nxf6 Qg3 38. Qe8+ Kc7 39. Qe7+ Kb8 40. Qe8+ Kc7
41. Qe7+ Kb8 42. Qf8+ Kc7 43. Qe7+ Kb8 44. Nd7+ Rxd7 45. Rf8+ Kb7 46. Qxd7+ Ka6
47. Qd2 Bc3 48. Qe2 Bd4 49. Rf1 Ka5 50. Qe1+ Qxe1 51. Rxe1 Kb4 52. Re7 a5 53.
Bd7 1-0

[Event "Olimpiade 2014 - Open"]
[Site "Tromsø"]
[Date "04.08.2014"]
[Round "3.69"]
[Board "3"]
[White "Frick, Renato"]
[Black "Su, Haifeng"]
[Result "1-0"]
[WhiteElo "2057"]
[BlackElo "1724"]
[WhiteTeam "Liechtenstein"]
[BlackTeam "Guyana"]
[WhiteFideId "12000027"]
[BlackFideId "19700202"]
[EventDate "2014.08.02"]

1. e4 c6 2. d4 d5 3. Nc3 dxe4 4. Nxe4 Bf5 5. Ng3 Bg6 6. h4 h6 7. Nf3 Nd7 8. h5
Bh7 9. Bd3 Bxd3 10. Qxd3 e6 11. Be3 Ngf6 12. O-O-O Qa5 13. Kb1 Be7 14. Bd2 Qc7
15. Rhe1 Bd6 16. Nf5 O-O-O 17. Nxd6+ Qxd6 18. Qe2 Qc7 19. Ne5 Nxe5 20. dxe5 Nd5
21. c4 Ne7 22. Bc3 c5 23. Qe3 Nf5 24. Qf4 Rhf8 25. g4 Ne7 26. Rd6 Nc6 27. Red1
Nd4 28. Bxd4 cxd4 29. Qxd4 Rxd6 30. exd6 Qc6 31. d7+ Kd8 32. Qxg7 1-0

[Event "Olimpiade 2014 - Open"]
[Site "Tromsø"]
[Date "04.08.2014"]
[Round "3.69"]
[Board "4"]
[White "Varona-Thomas, Maria"]
[Black "Guller, Andras"]
[Result "0-1"]
[BlackTitle "CM"]
[WhiteElo "1777"]
[BlackElo "2042"]
[WhiteTeam "Guyana"]
[BlackTeam "Liechtenstein"]
[WhiteFideId "19700288"]
[BlackFideId "12000078"]
[EventDate "2014.08.02"]

1. e4 c5 2. Nf3 e6 3. d4 cxd4 4. Nxd4 a6 5. Nc3 Qc7 6. Be2 Nf6 7. O-O d6 8. a4
Be7 9. Be3 Nc6 10. Nb3 b6 11. f4 Bb7 12. Bf3 O-O 13. Qe2 Nd7 14. Rfd1 Nc5 15.
Nd4 Bf6 16. Rd2 Nxd4 17. Bxd4 Bxd4+ 18. Rxd4 e5 19. Rc4 Qe7 20. f5 a5 21. Nd5
Bxd5 22. exd5 Qg5 23. Rg4 Qxf5 24. Rf1 Qd7 25. Rg5 f6 26. Bg4 Qxa4 27. Rgf5 Qe4
28. Qf2 Qxg4 29. c3 Qe4 30. Qg3 Qxd5 31. h4 Ne6 32. Qg4 Rae8 33. Rd1 0-1

[Event "Olimpiade 2014 - Open"]
[Site "Tromsø"]
[Date "04.08.2014"]
[Round "3.70"]
[Board "1"]
[White "Sanches, Romario"]
[Black "Bah, Ebrima"]
[Result "1-0"]
[WhiteTitle "CM"]
[WhiteElo "2083"]
[BlackElo "2070"]
[WhiteTeam "Surinam"]
[BlackTeam "Gambia"]
[WhiteFideId "8200211"]
[BlackFideId "21100039"]
[EventDate "2014.08.02"]

1. e4 g6 2. d4 Bg7 3. Nc3 e6 4. Be3 c6 5. Qd2 Ne7 6. O-O-O d5 7. f3 b5 8. Bh6
O-O 9. h4 f6 10. Bxg7 Kxg7 11. h5 g5 12. Nh3 h6 13. Nf2 Nd7 14. exd5 exd5 15.
Bd3 Nb6 16. Ne2 Nc4 17. Bxc4 bxc4 18. Rde1 Bf5 19. Ng3 Bh7 20. f4 Rf7 21. fxg5
fxg5 22. Ng4 Qd6 23. Ne5 Rf4 24. Rhf1 Raf8 25. Rf3 Nc8 26. Ref1 Rxf3 27. gxf3
Rf4 28. Ne2 Rf5 29. f4 Qf6 30. Rg1 Kh8 31. fxg5 hxg5 32. b3 Nd6 33. Kb2 cxb3 34.
axb3 Ne4 35. Qa5 Rf2 36. Ng4 Qf3 37. Nxf2 Qxf2 38. Qe1 Qe3 39. c3 Nf2 40. Nc1
Qxe1 41. Rxe1 g4 42. Ka3 Ne4 43. Ne2 Kg7 44. Rg1 Bf5 45. Kb4 Kh6 46. Rh1 Bc8 47.
c4 Be6 48. Nf4 Bg8 49. Ng6 dxc4 50. bxc4 Be6 51. Ne5 Ng3 52. Rg1 Ne2 53. Nxg4+
Kg5 54. h6 Bf5 55. Rh1 Kxg4 56. h7 Bxh7 57. Rxh7 Nxd4 58. Rxa7 Ne6 59. Rf7 Kg5
60. Ka5 Kg6 61. Rf1 Kg5 62. Kb6 c5 63. Kc6 Kg6 64. Kd6 1-0

[Event "Olimpiade 2014 - Open"]
[Site "Tromsø"]
[Date "04.08.2014"]
[Round "3.70"]
[Board "2"]
[White "Dalliah, Joseph"]
[Black "Matoewi, Roger"]
[Result "0-1"]
[BlackTitle "FM"]
[WhiteElo "2060"]
[BlackElo "2121"]
[WhiteTeam "Gambia"]
[BlackTeam "Surinam"]
[WhiteFideId "21100055"]
[BlackFideId "8200084"]
[EventDate "2014.08.02"]

1. d4 c5 2. d5 d6 3. e4 Nf6 4. Nc3 g6 5. Nf3 Bg7 6. Be2 O-O 7. O-O a6 8. h3 b5
9. Bg5 b4 10. Bxf6 Bxf6 11. Na4 Qa5 12. c3 Bd7 13. cxb4 Qxa4 14. Qxa4 Bxa4 15.
bxc5 dxc5 16. e5 Bg7 17. Rac1 Nd7 18. b3 Bb5 19. Rfe1 Rac8 20. Bc4 Nb6 21. Re4
Rfd8 22. Rd1 e6 23. d6 Nxc4 24. bxc4 Ba4 25. Rd2 Rb8 26. h4 Rb1+ 27. Kh2 Bc6 28.
Ree2 Bxf3 29. gxf3 Bh6 30. Rc2 Bf4+ 31. Kg2 f6 32. exf6 Rxd6 33. Rb2 Rxb2 34.
Rxb2 Kf7 35. Rb7+ Kxf6 36. Rxh7 Rd2 37. h5 gxh5 38. Rxh5 Be3 39. a4 Rxf2+ 40.
Kg3 Rc2 41. f4 Rxc4 42. Rh6+ Ke7 43. Kf3 Bxf4 44. Rh4 Rxa4 0-1

[Event "Olimpiade 2014 - Open"]
[Site "Tromsø"]
[Date "04.08.2014"]
[Round "3.70"]
[Board "4"]
[White "Lemon, Eliman"]
[Black "Giasi, Viresh"]
[Result "0-1"]
[WhiteElo "1884"]
[BlackElo "1929"]
[WhiteTeam "Gambia"]
[BlackTeam "Surinam"]
[WhiteFideId "21100063"]
[BlackFideId "8200165"]
[EventDate "2014.08.02"]

1. e4 c5 2. Nf3 d6 3. d4 cxd4 4. Nxd4 Nf6 5. Nc3 g6 6. Be2 Bg7 7. O-O O-O 8. Bf3
a6 9. Be3 Nbd7 10. g3 Ne5 11. Bg2 Nc4 12. Bc1 Ng4 13. Nde2 Rb8 14. Rb1 b5 15. b3
Nb6 16. Nd4 Qc7 17. Nce2 Bb7 18. c3 Nf6 19. Qd3 Nbd7 20. f3 Rfc8 21. Bd2 Nc5 22.
Qe3 e5 23. Nc2 d5 24. b4 Na4 25. Rfc1 Rd8 26. Na1 dxe4 27. Nb3 Rd3 28. Qf2 exf3
29. Bf1 fxe2 30. Bxe2 Qc6 31. Kf1 Rd6 32. Ke1 Rbd8 33. c4 Qh1+ 34. Bf1 Ne4 35.
Qg2 Qxg2 36. Bxg2 Nxd2 37. Bxb7 Nxb1 38. Rxb1 bxc4 39. Nc5 Rb6 40. Nxa4 Rxb7 41.
Nc5 Rb6 42. a4 e4 43. a5 Rxb4 44. Rc1 Rb5 45. Nxa6 Rxa5 46. Nb4 Ra1 0-1

[Event "Olimpiade 2014 - Open"]
[Site "Tromsø"]
[Date "04.08.2014"]
[Round "3.71"]
[Board "1"]
[White "Ndikumana, Yves"]
[Black "Lee, Sanghoon"]
[Result "0-1"]
[BlackTitle "FM"]
[WhiteElo "2030"]
[BlackElo "2114"]
[WhiteTeam "Burundi"]
[BlackTeam "South Korea"]
[WhiteFideId "20300018"]
[BlackFideId "13200011"]
[EventDate "2014.08.02"]

1. d4 Nf6 2. c4 g6 3. g3 c6 4. Bg2 d5 5. cxd5 cxd5 6. Nc3 Bg7 7. Bg5 Nc6 8. Nf3
Ne4 9. Be3 Nxc3 10. bxc3 O-O 11. O-O b6 12. Qd2 Ba6 13. Rfe1 Na5 14. Bh6 Rc8 15.
Bxg7 Kxg7 16. Ne5 e6 17. Rac1 Qd6 18. Ng4 f5 19. Qh6+ Kg8 20. Ne5 Rc7 21. h4 Rg7
22. f3 Nc4 23. Nxc4 Bxc4 24. Kh2 Bxa2 25. Qd2 Bc4 26. e4 fxe4 27. fxe4 Rgf7 28.
e5 Qd7 29. Qg5 Rf2 30. Kg1 Qf7 31. Bh3 Ra2 32. Qf6 Qxf6 33. exf6 Rxf6 34. Bxe6+
Kg7 35. Re3 Rff2 36. Bh3 h5 37. Re7+ Kh6 38. Rxa7 Rad2 39. Bf1 Bxf1 0-1

[Event "Olimpiade 2014 - Open"]
[Site "Tromsø"]
[Date "04.08.2014"]
[Round "3.71"]
[Board "3"]
[White "Ntagasigumwami, Deo"]
[Black "Kim, Changhoon"]
[Result "0-1"]
[WhiteElo "1817"]
[BlackElo "1846"]
[WhiteTeam "Burundi"]
[BlackTeam "South Korea"]
[WhiteFideId "20300034"]
[BlackFideId "34117234"]
[EventDate "2014.08.02"]

1. d4 Nf6 2. c4 e6 3. Nc3 Bb4 4. Bg5 c5 5. a3 Bxc3+ 6. bxc3 Qa5 7. Bd2 Ne4 8. e3
O-O 9. Bd3 Nxd2 10. Qxd2 Nc6 11. Nf3 d6 12. O-O Qc7 13. e4 e5 14. d5 Ne7 15. Kh1
Ng6 16. g3 Bh3 17. Rg1 Bg4 18. Be2 Qd7 19. Ng5 h6 20. f3 Bh5 21. g4 Bxg4 22.
Rxg4 hxg5 23. Qxg5 Qd8 24. Rag1 Qxg5 25. Rxg5 Kh7 26. Rh5+ Kg8 27. Rhg5 Kh7 28.
Bf1 Kh6 29. Bh3 Rg8 30. R5g4 Rab8 31. Bf1 Nf4 32. Rh4+ Nh5 33. a4 g5 34. Rh3 Kg6
35. Rh4 Kh6 36. Rh3 f6 37. Be2 Kg6 38. Rh4 Nf4 39. Bf1 Rh8 40. Rxh8 Rxh8 41. Rg3
Rh4 42. h3 Kf7 43. Kg1 Ke7 44. Kf2 Kd7 45. Ke3 Kc7 46. Kd2 Kb6 47. Kc2 Ka5 48.
Kb3 Ng6 49. Rg1 a6 50. Rh1 Rh8 51. Rh2 Nh4 52. Rf2 Ng6 53. Ka3 Kb6 54. Rb2+ Kc7
55. Kb3 Nf4 56. Ka3 Rh4 57. Rh2 Ng6 58. Rb2 Rf4 59. Rf2 Nh4 60. Be2 Kd7 61. a5
Ng6 62. Bd1 Rh4 63. Rh2 Nf4 64. Ba4+ Kc7 65. Be8 Nxh3 66. Bf7 Nf4 67. Rb2 Rh3
68. Be6 Rxf3 69. Rh2 Rxc3+ 70. Kb2 Rxc4 71. Rh7+ Kb8 72. Rh8+ Ka7 73. Bd7 Rxe4
74. Rh7 Nxd5 75. Bc6 Rb4+ 76. Kc1 Ne3 77. Kd2 Nc4+ 78. Kc3 Nxa5 79. Bd5 g4 80.
Rg7 f5 81. Rg5 Rf4 82. Be6 Rf3+ 83. Kd2 f4 84. Rxg4 Nc6 85. Bd5 Rg3 86. Rh4 Nb4
87. Bh1 d5 88. Rh5 e4 89. Rf5 f3 90. Ke3 Rh3 0-1

[Event "Olimpiade 2014 - Open"]
[Site "Tromsø"]
[Date "04.08.2014"]
[Round "3.72"]
[Board "2"]
[White "Kouevi, Mawuvi Koue"]
[Black "Massana, Jorge"]
[Result "0-1"]
[BlackTitle "CM"]
[WhiteElo "1841"]
[BlackElo "2180"]
[WhiteTeam "Togo"]
[BlackTeam "US Virgin Isles"]
[WhiteFideId "21200041"]
[BlackFideId "3100073"]
[EventDate "2014.08.02"]

1. d4 Nf6 2. d5 c6 3. dxc6 Nxc6 4. g3 g6 5. Bg2 Bg7 6. Nf3 O-O 7. O-O d5 8. c3
e5 9. e3 e4 10. Nd4 Ne5 11. Na3 Bg4 12. Qb3 Qc8 13. f4 exf3 14. Nxf3 Nxf3+ 15.
Bxf3 Bxf3 16. Rxf3 Qh3 17. Nb5 Ng4 18. Qc2 a6 19. Nd4 Rae8 20. Qe2 Re4 21. Bd2
Rfe8 22. Nc2 Bh6 23. Raf1 Ne5 24. R3f2 Qe6 25. b3 f5 26. h3 Nc6 27. Qd3 Bg7 28.
Kg2 Ne5 29. Qe2 h5 30. Nd4 Qe7 31. Bc1 h4 32. Rf4 hxg3 33. Rxe4 dxe4 34. Kxg3
Qc7 35. Kg2 Qxc3 36. Bb2 Qd3 37. Qf2 Nf3 38. Rc1 Nxd4 39. exd4 e3 40. Qc2 Qxc2+
41. Rxc2 e2 42. Bc3 e1=Q 43. Bxe1 Rxe1 44. Kf2 Rd1 45. Rc8+ Kh7 46. Rc7 Rxd4 47.
Rxb7 Rd2+ 48. Ke3 Rxa2 49. b4 Ra3+ 50. Kf2 Rxh3 51. Ra7 Rb3 52. Rxa6 Rxb4 53.
Ra7 Kh6 54. Rd7 g5 55. Rd6+ Kh5 56. Rd7 Bf6 57. Kf3 g4+ 58. Kg3 Be5+ 59. Kf2 Kg5
60. Ke2 f4 61. Rd5 Kf5 62. Kd3 g3 63. Ke2 Ke4 64. Rd7 f3+ 65. Kd2 g2 0-1

[Event "Olimpiade 2014 - Open"]
[Site "Tromsø"]
[Date "04.08.2014"]
[Round "3.72"]
[Board "3"]
[White "Creswell, Reece"]
[Black "Fumey, Enyonam Sewa"]
[Result "0-1"]
[WhiteElo "1645"]
[BlackElo "1833"]
[WhiteTeam "US Virgin Isles"]
[BlackTeam "Togo"]
[WhiteFideId "6800262"]
[BlackFideId "21200033"]
[EventDate "2014.08.02"]

1. e4 d5 2. exd5 Nf6 3. d4 Nxd5 4. c4 Nf6 5. Nc3 c6 6. Nf3 Bf5 7. Bd3 Bxd3 8.
Qxd3 e6 9. O-O Be7 10. Be3 O-O 11. Rad1 Nbd7 12. Ne5 Qc7 13. f4 Rfd8 14. Qe2 Qa5
15. a3 Ne8 16. f5 Nxe5 17. fxe6 f6 18. dxe5 Qxe5 19. Bf4 Qxe2 20. Nxe2 Bc5+ 21.
Kh1 Bd6 22. Bxd6 Rxd6 23. Rxd6 Nxd6 24. b3 Ne4 25. Kg1 Nd2 26. Rd1 Nxb3 27. e7
Re8 28. Rd8 Kf7 29. Rxe8 Kxe8 30. Ng3 Kxe7 31. Nf5+ Kf8 32. Nd6 b6 33. Nc8 Na5
34. Nxa7 Nxc4 35. Nxc6 Nxa3 36. Kf2 Kf7 37. Ke2 Ke6 38. Nd4+ Ke5 39. Nc6+ Ke4
40. Nb4 Nc4 41. Na2 h5 42. Nc3+ Ke5 43. Kd3 Nd6 44. Ke2 b5 45. Na2 Kd4 46. Kd1
Nf5 47. Ke2 Ne3 48. g3 Ng4 49. h3 Nh6 50. Nb4 Kc4 51. Nd3 Nf5 52. g4 hxg4 53.
hxg4 Ng3+ 54. Kd2 Kd4 55. Nf2 Ne4+ 0-1

[Event "Olimpiade 2014 - Open"]
[Site "Tromsø"]
[Date "04.08.2014"]
[Round "3.73"]
[Board "1"]
[White "Kabera, Godfrey"]
[Black "Hasford, John Kojo"]
[Result "0-1"]
[WhiteTitle "CM"]
[WhiteElo "1909"]
[BlackElo "2055"]
[WhiteTeam "Rwanda"]
[BlackTeam "Ghana"]
[WhiteFideId "16000080"]
[BlackFideId "12600083"]
[EventDate "2014.08.02"]

1. d4 d5 2. c4 c6 3. e3 Nf6 4. Nc3 e6 5. Nf3 Bd6 6. Bd3 O-O 7. O-O Nbd7 8. cxd5
exd5 9. Bd2 Re8 10. Qc2 Nf8 11. h3 Ng6 12. Rae1 Bd7 13. e4 dxe4 14. Nxe4 Nxe4
15. Bxe4 Qc7 16. Ne5 Be6 17. f4 Bd5 18. Bd3 Nf8 19. Re3 f6 20. Ng4 Rxe3 21. Nxe3
Bxf4 22. Rxf4 Qxf4 23. Nxd5 Qxd4+ 24. Ne3 Rd8 25. Bc4+ Kh8 26. Bc1 Ng6 27. Kh1
Ne5 28. Bb3 Nd3 29. Nf5 Qe5 30. Ne3 Qg3 31. Nd1 Re8 32. Bd2 Ne1 33. Bf4 Qxf4 34.
Qf2 Qxf2 35. Nxf2 Re2 36. Kg1 Rxb2 37. Kf1 Nc2 38. Nd1 Rxb3 39. axb3 Nd4 40. Ke1
Nxb3 41. Ke2 a5 42. Nb2 b5 43. Kd3 c5 44. Kc2 c4 45. Nd1 b4 46. Ne3 Nd4+ 47. Kb2
c3+ 48. Kc1 a4 49. Nd5 Nc6 50. Kc2 Kg8 51. Nb6 Nd4+ 52. Kb1 a3 53. Nd5 c2+ 54.
Kc1 b3 0-1

[Event "Olimpiade 2014 - Open"]
[Site "Tromsø"]
[Date "04.08.2014"]
[Round "3.77"]
[Board "1"]
[White "Mesfin, Leykun"]
[Black "Hj, Azahari Siti Nur Fatimah"]
[Result "1/2-1/2"]
[WhiteElo "2131"]
[BlackElo "1985"]
[WhiteTeam "Ethiopia"]
[BlackTeam "Brunei"]
[WhiteFideId "15700097"]
[BlackFideId "10500359"]
[EventDate "2014.08.02"]

1. e4 e5 2. Nf3 Nf6 3. Nxe5 d6 4. Nf3 Nxe4 5. Nc3 Nf6 6. d4 Be7 7. Bd3 O-O 8. h3
Re8 9. O-O Nbd7 10. Ne2 Nf8 11. c3 Ng6 12. Ng3 c6 13. Nf5 Bf8 14. h4 h6 15. g3
Be6 16. Nh2 Ne7 17. Nxe7+ Bxe7 18. Bd2 Bh3 19. Re1 Qd7 20. Qf3 Ng4 21. Nxg4 Bxg4
22. Qe4 f5 23. Qg2 Bf6 24. f3 Bh5 25. Rxe8+ Rxe8 26. Re1 Rxe1+ 27. Bxe1 Qe6 28.
Qe2 Qxe2 29. Bxe2 Bf7 30. a3 b5 31. Bd2 Bc4 32. Bd1 a5 33. Bf4 Be7 34. Kf2 Kf7
35. Bc1 a4 36. Bc2 Ke6 37. f4 h5 38. Bd1 g6 39. Ke3 Bf6 40. Bf3 Bd5 41. Bd1 Bc4
42. Bd2 c5 43. Bf3 cxd4+ 44. cxd4 d5 45. Bb4 Bd8 46. Kd2 Bb6 47. Kc3 Bd8 48. Bd1
Bb6 49. Bc2 Kf6 50. Bd1 Ke6 51. Bc2 Kf6 52. Bf8 Ba5+ 53. Bb4 Bb6 54. Bd1 Ke6 55.
Bf3 Kf6 1/2-1/2

[Event "Olimpiade 2014 - Open"]
[Site "Tromsø"]
[Date "04.08.2014"]
[Round "3.77"]
[Board "2"]
[White "Izzuddin, Zain"]
[Black "Tadese, Estube Haileselassie"]
[Result "1-0"]
[WhiteElo "1933"]
[BlackElo "1952"]
[WhiteTeam "Brunei"]
[BlackTeam "Ethiopia"]
[WhiteFideId "10500677"]
[BlackFideId "15700330"]
[EventDate "2014.08.02"]

1. d4 Nf6 2. c4 e6 3. Nc3 Bb4 4. e3 O-O 5. Ne2 d5 6. a3 Be7 7. cxd5 exd5 8. Nf4
c6 9. Bd3 Re8 10. O-O Nbd7 11. Bc2 Bd6 12. f3 Qc7 13. Qd3 Nf8 14. Kh1 b5 15. g3
b4 16. axb4 Bxb4 17. Rd1 a5 18. Qf1 Ng6 19. Nd3 Bb7 20. Na4 Ba6 21. Qf2 Bb5 22.
Nxb4 axb4 23. Bd2 Reb8 24. Nc5 Rxa1 25. Rxa1 b3 26. Bxb3 Nd7 27. Nxd7 Qxd7 28.
Bc2 Nf8 29. Bc3 Ne6 30. Bf5 g6 31. Bh3 f5 32. e4 Ng5 33. Bg2 fxe4 34. fxe4 Nxe4
35. Bxe4 dxe4 36. d5 Qg4 37. Qd4 Qf3+ 38. Kg1 Kf8 39. Qh8+ Ke7 40. Bb4+ 1-0

[Event "Olimpiade 2014 - Open"]
[Site "Tromsø"]
[Date "04.08.2014"]
[Round "3.77"]
[Board "3"]
[White "Belachew, Yimam Abera"]
[Black "Kamis, Kamarunsalehin"]
[Result "1-0"]
[WhiteTitle "FM"]
[WhiteElo "2194"]
[BlackElo "1977"]
[WhiteTeam "Ethiopia"]
[BlackTeam "Brunei"]
[WhiteFideId "15700046"]
[BlackFideId "10500170"]
[EventDate "2014.08.02"]

1. e4 e5 2. Nf3 Nf6 3. Nc3 Nc6 4. Bc4 Nxe4 5. Bxf7+ Kxf7 6. Nxe4 d5 7. Ng3 e4 8.
Ng1 Bc5 9. N1e2 Re8 10. O-O Kg8 11. d4 exd3 12. Qxd3 Ne5 13. Qc3 Bd6 14. h3 c6
15. Nd4 Qf6 16. f4 Nc4 17. b3 Bb4 18. Qd3 Nd6 19. Bb2 Bc5 20. Kh2 Qf7 21. f5 Ne4
22. Nxe4 dxe4 23. Qg3 Rd8 24. Ne6 Bd6 25. Be5 Bxe5 26. Qxe5 Re8 27. Qd6 Bxe6 28.
fxe6 Qe7 29. Rad1 e3 30. Rfe1 Qxe6 31. Qg3 Re7 32. Re2 Rae8 33. Rd3 Qh6 34. Rd6
Qh5 35. Qg4 Qe5+ 36. Qg3 Qh5 37. Qg4 Qxg4 38. hxg4 c5 39. Rd3 Kf7 40. Kg3 Kg6
41. c4 Kg5 42. Rd5+ Re5 43. Rd7 R8e7 44. Rd3 b6 45. Kf3 a6 46. Rd6 R7e6 47. Rd7
Kg6 48. Rd3 Kg5 49. Rd7 Re7 50. Rd6 R5e6 51. Rd5+ Re5 52. Rxe3 Rxd5 53. Rxe7 Rd2
54. Rxg7+ Kh6 55. Rb7 Rd6 56. Kf4 Kg6 57. Ke5 Rc6 58. Rd7 Kg5 59. Rxh7 Kxg4 60.
Rg7+ Kh5 61. Kd5 Rf6 62. g4+ 1-0

[Event "Olimpiade 2014 - Open"]
[Site "Tromsø"]
[Date "04.08.2014"]
[Round "3.78"]
[Board "1"]
[White "Prasad, Calvin"]
[Black "Gateri, Martin"]
[Result "0-1"]
[WhiteTitle "CM"]
[BlackTitle "FM"]
[WhiteElo "2011"]
[BlackElo "2064"]
[WhiteTeam "Fiji"]
[BlackTeam "Kenya"]
[WhiteFideId "11400072"]
[BlackFideId "10800174"]
[EventDate "2014.08.02"]

1. d4 d5 2. c4 e6 3. Nc3 c6 4. Nf3 Nf6 5. e3 Nbd7 6. Bd3 Bd6 7. O-O O-O 8. e4 e5
9. cxd5 cxd5 10. Nxd5 Nxd5 11. exd5 h6 12. Be3 Re8 13. Bb5 e4 14. Ne5 Nxe5 15.
Bxe8 Ng4 16. h3 Nxe3 17. Bxf7+ Kxf7 18. fxe3+ Kg8 19. Qh5 Qe7 20. Rf2 Bd7 21.
Raf1 Be8 22. Rf8+ Kh7 23. R8f7 Bxf7 24. Rxf7 Qd8 25. Qf5+ Kh8 26. Rd7 Qc8 27.
Qe6 Qc1+ 28. Kf2 Qd2+ 29. Kf1 Bg3 0-1

[Event "Olimpiade 2014 - Open"]
[Site "Tromsø"]
[Date "04.08.2014"]
[Round "3.78"]
[Board "2"]
[White "Magana, Ben"]
[Black "Kumar, Manoj"]
[Result "1-0"]
[WhiteTitle "CM"]
[BlackTitle "CM"]
[WhiteElo "2085"]
[BlackElo "1987"]
[WhiteTeam "Kenya"]
[BlackTeam "Fiji"]
[WhiteFideId "10800166"]
[BlackFideId "11400064"]
[EventDate "2014.08.02"]

1. e4 e5 2. Nf3 Nf6 3. Nxe5 d6 4. Nf3 Nxe4 5. Nc3 d5 6. Qe2 Be7 7. Nxe4 dxe4 8.
Qxe4 O-O 9. Bc4 Bf6 10. O-O Nc6 11. c3 Re8 12. Qd5 Qe7 13. Bb3 Bg4 14. Bd1 a6
15. d4 Be6 16. Qe4 Qd7 17. Qf4 Bc4 18. Re1 Rxe1+ 19. Nxe1 Ne5 20. Bc2 Ng6 21.
Bxg6 hxg6 22. Nf3 Re8 23. Be3 Bd5 24. Nd2 Qc6 25. c4 Be6 26. d5 Bxd5 27. cxd5
Qxd5 28. h3 Bxb2 29. Rb1 Qxa2 30. Qxc7 Be5 31. Qxb7 Bf6 32. Qb3 Qa5 33. Nc4 Qd5
34. Rd1 Qa8 35. Rd7 Qc8 36. Nb6 Qb8 37. Qxf7+ Kh7 38. Qxf6 1-0

[Event "Olimpiade 2014 - Open"]
[Site "Tromsø"]
[Date "04.08.2014"]
[Round "3.78"]
[Board "3"]
[White "Sikivou, Taione"]
[Black "Ouma, Stephen"]
[Result "0-1"]
[WhiteElo "1817"]
[BlackElo "2038"]
[WhiteTeam "Fiji"]
[BlackTeam "Kenya"]
[WhiteFideId "11400153"]
[BlackFideId "10800824"]
[EventDate "2014.08.02"]

1. c4 Nf6 2. Nc3 d5 3. cxd5 Nxd5 4. g3 e6 5. Bg2 Be7 6. Qb3 c6 7. Nf3 O-O 8. O-O
Nd7 9. d3 Re8 10. Bd2 Qb6 11. Qc2 Nf8 12. Rab1 Rd8 13. a3 Qa6 14. b4 Bd7 15. Ne5
Be8 16. Qb3 Bf6 17. Nc4 Nxc3 18. Bxc3 Bxc3 19. Qxc3 Qb5 20. Rfc1 Ng6 21. Qb3 Qg5
22. h4 Qf6 23. Nd2 Qe5 24. Kf1 f5 25. Nf3 Qf6 26. d4 Bf7 27. Qc3 Ne7 28. e3 Nd5
29. Qb2 a6 30. a4 Be8 31. Rc5 Nb6 32. Qc2 h6 33. Ne5 g5 34. hxg5 hxg5 35. f4 Nd7
36. Rc3 Nxe5 37. dxe5 Qg7 38. b5 cxb5 39. Rc7 Rd7 40. Rc8 Rxc8 41. Qxc8 Qe7 42.
Qc2 Rc7 43. Qa2 bxa4 44. Rb6 Bb5+ 45. Kf2 Kf7 46. fxg5 a3 47. g6+ Kg7 48. Rxe6
Qc5 49. Qa1 Qc2+ 50. Kf3 Qe2+ 51. Kf4 Qg4# 0-1

[Event "Olimpiade 2014 - Open"]
[Site "Tromsø"]
[Date "04.08.2014"]
[Round "3.79"]
[Board "1"]
[White "De Mey, Juan Pablo"]
[Black "Li, Hui"]
[Result "0-1"]
[WhiteTitle "FM"]
[WhiteElo "1937"]
[BlackElo "1944"]
[WhiteTeam "Aruba"]
[BlackTeam "Macau"]
[WhiteFideId "15900312"]
[BlackFideId "15400310"]
[EventDate "2014.08.02"]

1. e4 c5 2. Nf3 d6 3. Bb5+ Bd7 4. Bxd7+ Qxd7 5. c4 Nf6 6. Nc3 Nc6 7. d4 cxd4 8.
Nxd4 Qg4 9. Qxg4 Nxg4 10. Nxc6 bxc6 11. O-O g6 12. Rb1 Bg7 13. Ne2 O-O 14. Nf4
Ne5 15. b3 a5 16. Rd1 a4 17. Nd3 axb3 18. axb3 Nxd3 19. Rxd3 Ra2 20. Bg5 f6 21.
Rd2 Ra3 22. Be3 c5 23. g3 Rb8 24. Rd3 Ra4 25. Rdd1 Rab4 26. Ra1 Rxb3 27. Ra7 Rb1
28. Rxb1 Rxb1+ 29. Kg2 Kf7 30. Ra2 Rb4 31. Rc2 f5 32. exf5 gxf5 33. h4 Rb2 34.
Rc1 Rb3 35. Bd2 Bd4 36. Be1 e5 37. Rc2 Ke6 38. Ra2 Rb1 39. Bd2 Rb2 40. Rxb2 Bxb2
41. f3 d5 42. cxd5+ Kxd5 43. g4 fxg4 44. f4 exf4 45. Bxf4 h5 0-1

[Event "Olimpiade 2014 - Open"]
[Site "Tromsø"]
[Date "04.08.2014"]
[Round "3.79"]
[Board "2"]
[White "Ho Hou-Meng, Herman"]
[Black "Seijp V/d, Quintin"]
[Result "0-1"]
[WhiteElo "1910"]
[BlackElo "1883"]
[WhiteTeam "Macau"]
[BlackTeam "Aruba"]
[WhiteFideId "16300190"]
[BlackFideId "15900428"]
[EventDate "2014.08.02"]

1. Nf3 d5 2. b3 Nf6 3. e3 e6 4. Bb2 Be7 5. Be2 O-O 6. O-O c5 7. d4 b6 8. Nbd2
Bb7 9. Ne5 Nc6 10. f4 Rc8 11. Rc1 cxd4 12. exd4 Nb4 13. c4 dxc4 14. bxc4 Ne4 15.
a3 Na2 16. Rc2 Nac3 17. Qe1 Bh4 18. g3 Qxd4+ 19. Rf2 Nxe2+ 20. Qxe2 Qxf2+ 21.
Qxf2 Nxf2 22. Kxf2 Be7 23. Nb3 Rfd8 24. Ke3 f6 25. Nd3 Bd5 26. Nd2 b5 27. c5 Bc4
28. Nxc4 Bxc5+ 29. Kd2 bxc4 30. Rxc4 Be3+ 31. Kc3 Bd2+ 0-1